000 00516nam a2200181Ia 4500
005 20241220021332.0
008 240331s9999 xx 000 0 und d
020 _a9551334035
082 _bSAR
_25772
_a305
100 _aEmmanuel, S
245 0 _aDealing with Women's Militancy:
_bAn Analysis of Feminist Discourses in from Sri Lanka
260 _aColombo
_bSocial Policy Analysis and Research Centre (SPARC)
_c2006
300 _a91 p.,
650 _aWomen
650 _aFeminism
650 _aGender
942 _cL
999 _c2646
_d2646